| 000 | 00501nam a2200169 i 4500 | ||
|---|---|---|---|
| 001 | 90593 | ||
| 003 | ES-MaACL | ||
| 005 | 20230906180511.0 | ||
| 007 | t| | ||
| 008 | 050121s1981 sp ||||1| spa d | ||
| 100 | 1 |
_aLehmann, J. _971333 |
|
| 245 | 1 | 0 |
_aDiodos y transistores / _cJ. Lehmann ; [traducido por J.A. Díaz Pinilla]. |
| 260 |
_aMadrid : _bParaninfo, _c1981. |
||
| 300 |
_a195 p. : _bil. ; _c22 cm. |
||
| 700 | 1 |
_aDíaz Pinilla, José Antonio. _944394 |
|
| 852 |
_aES-MaACL _jL-956 _bR.101848 |
||
| 999 |
_c90593 _d90593 |
||